| 000 | 00758cab a2200265 4500 | ||
|---|---|---|---|
| 001 | WB2930-11 | ||
| 008 | 090401t1993 xxu||||| |||| 00| 0 eng d | ||
| 035 | _a(Sirsi) u88170 | ||
| 041 | _aeng | ||
| 100 | _aBrierley, M. | ||
| 245 | _aControlling voids | ||
| 260 | _c1993 | ||
| 350 | _a0 | ||
| 490 |
_aCSW - The Property Week _v44(7/8) 12/19 August 1993, 38(1) |
||
| 520 | _aA question and answer on how to limit the effect of tenant voids on the performance of a property portfolio. | ||
| 650 | _aMANAGING AGENTS | ||
| 650 | _aMARKETABILITY | ||
| 650 | _aPROPERTY PERFORMANCE | ||
| 650 | _aPROPERTY PORTFOLIOS | ||
| 650 | _aTENANT VOIDS | ||
| 650 | _aVOIDS | ||
| 690 | _aPROPERTY-COMMERCIAL PROPERTY | ||
| 942 | _n0 | ||
| 948 | _c04/03/1997 | ||
| 999 |
_c55706 _d55706 |
||